| 000 | 00428nam a22001697a 4500 | ||
|---|---|---|---|
| 003 | NUST - PNEC | ||
| 005 | 20170116181118.0 | ||
| 008 | 151004b xxu||||| |||| 00| 0 eng d | ||
| 020 | _a- | ||
| 040 | _cLIBRARY | ||
| 082 | _a801.955 JAM | ||
| 100 |
_913324 _aJamil Ahmad |
||
| 245 |
_aMadar e millat mohtarma Fatima Jinnah _cJamil Ahmad |
||
| 260 | _cc.2003 | ||
| 650 |
_913325 _aUrdu Literature _xGeneral |
||
| 942 |
_2ddc _cBK |
||
| 999 |
_c69431 _d69431 |
||